<?xml version="1.0" encoding="UTF-8"?>
<marc:record xmlns:marc="http://www.loc.gov/MARC21/slim">
   <marc:leader>00000nam a2200000 a 4500</marc:leader>
   <marc:datafield ind1="1" ind2=" " tag="100">
      <marc:subfield code="a">Langreuter, Jutta</marc:subfield>
      <marc:subfield code="4">aut</marc:subfield>
      <marc:subfield code="e">Verfasser/-in</marc:subfield>
   </marc:datafield>
   <marc:datafield ind1="0" ind2="0" tag="245">
      <marc:subfield code="a">Spinnentier und Raben, man muss nicht alles haben!</marc:subfield>
   </marc:datafield>
   <marc:datafield ind1=" " ind2="1" tag="264">
      <marc:subfield code="b">Arena Verl.</marc:subfield>
      <marc:subfield code="c">2016</marc:subfield>
   </marc:datafield>
   <marc:datafield ind1="1" ind2=" " tag="490">
      <marc:subfield code="a">Frida, die kleine Waldhexe</marc:subfield>
   </marc:datafield>
   <marc:datafield ind1="1" ind2=" " tag="520">
      <marc:subfield code="a">Zaubersachen, alte Blumentöpfe und jede Menge Geschirr - in Fridas Hexenhaus stehen einfach viel zu viele Dinge! Kein Wunder, dass sie ihr Hexenbuch nicht finden kann. Dabei braucht Frida es doch wirklich dringend, denn plötzlich sind die großen Hexen und der Hexenmeister in einem Unbeweglichkeitszauber gefangen. Und das beim schönsten Kaffeetrinken! Jetzt muss Frida ganz schnell einen Gegenzauber suchen. Hokuspokus, wo steckt nur das Hexenbuch in all dem Durcheinander?</marc:subfield>
   </marc:datafield>
   <marc:datafield ind1=" " ind2=" " tag="020">
      <marc:subfield code="a">9783401706146</marc:subfield>
      <marc:subfield code="9">9783401706146</marc:subfield>
   </marc:datafield>
</marc:record>
